| 000 | 00724nam a2200253 a 4500 | ||
|---|---|---|---|
| 001 | nice12345678 | ||
| 003 | IN_TiNIC | ||
| 005 | 20260116013736.0 | ||
| 008 | 050524s1997 newa grp 000 0 eng | ||
| 020 |
_a8121577 _c290 |
||
| 082 | 0 | 0 |
_a500.802945 _bSHE |
| 100 | _aShekhawat, V | ||
| 245 |
_aOn Rational Historiography _b an Attempt at Logical Construction of a Histori |
||
| 260 |
_aNew Delhi _bMunshiram Manoharlal Publishers _c1997 |
||
| 300 | _a152p | ||
| 500 | _aincludes index and biblioraphy | ||
| 505 | 2 | _aAppendices, Notes, Bibliography, Index | |
| 650 | _aVedas and Science | ||
| 650 | _aHinduism and State | ||
| 700 | 1 | _aShekhawat, V | |
| 902 | _bSRS | ||
| 942 | _cBK | ||
| 999 |
_c12249 _d12249 |
||